Miestne dane vo vybraných štátoch OECD a daň z nehnuteľností v SR od roku 2005
Rozpočtové určenie dane z nehnuteľností vo vybraných krajinách EÚ. Miestne dane v Nemecku, Francúzsku, Taliansku a Kanade. Skúsenosti s uplatňovaním dane z nehnuteľností v SR po roku 2004.
Gespeichert in:
| 1. Verfasser: | |
|---|---|
| Format: | Buchkapitel |
| Sprache: | Slowakisch |
| Schlagworte: | |
| Tags: |
Keine Tags, Fügen Sie das erste Tag hinzu!
|
MARC
| LEADER | 00000naa$a2200000$$$4500 | ||
|---|---|---|---|
| 001 | 0046228 | ||
| 005 | 20240502071533.6 | ||
| 041 | 0 | |a slo | |
| 044 | |a SK | ||
| 245 | 1 | 0 | |a Miestne dane vo vybraných štátoch OECD a daň z nehnuteľností v SR od roku 2005 |c Anna Schultzová |
| 520 | |a Rozpočtové určenie dane z nehnuteľností vo vybraných krajinách EÚ. Miestne dane v Nemecku, Francúzsku, Taliansku a Kanade. Skúsenosti s uplatňovaním dane z nehnuteľností v SR po roku 2004. | ||
| 610 | 2 | 0 | |a dane miestne |
| 610 | 2 | 0 | |a OECD |
| 610 | 2 | 0 | |a Nemecko |
| 610 | 2 | 0 | |a Francúzsko |
| 610 | 2 | 0 | |a Taliansko |
| 610 | 2 | 0 | |a Kanada |
| 610 | 2 | 0 | |a dane z nehnuteľností |
| 610 | 2 | 0 | |a Slovensko |
| 100 | 1 | |a Schultzová, Anna | |